000 00738 a2200229 4500
003 Nust
005 20170207171639.0
010 _a 2008054296
020 _a0073401064 (hard copy : alk. paper)
020 _a9780073401065 (hard copy : alk. paper)
040 _cNust
082 0 0 _a518.02462
100 1 _aChapra, Steven C.
245 1 0 _aNumerical methods for engineers (E-BOOK)
_cSteven C. Chapra, Raymond P. Canale.
250 _a6th ed.
260 _aBoston :
_bMcGraw-Hill Higher Education,
_c2010.
300 _axviii, 968 p. :
_bill. ;
_c24 cm.
650 0 _aEngineering mathematics
_xData processing.
650 0 _aMicrocomputers
_xProgramming.
650 0 _aNumerical calculations
_xData processing
700 1 _aCanale, Raymond P.
942 _2ddc
_cBK
999 _c218052
_d218052